Movement corridors: conservation bargains or poor investments? (Registro nro. 11888)

Detalles MARC
000 -CABECERA
Campo de control 005710000a22001810004500
090 ## - CLASIFICACIÓN LOCAL
Colección AR
Consecutivo 02828
041 0# - IDIOMA
Código de idioma para texto/pista de sonido o título separado
100 1# - ASIENTO PRINCIPAL--NOMBRE PERSONAL
Nombre personal Simberloff, Daniel
245 10 - MENCION DE TITULO
Título Movement corridors: conservation bargains or poor investments?
650 14 - ASIENTO SECUNDARIO DE MATERIA - TERMINO TEMATICO
Término temático o nombre geográfico como elemento de entrada Biología de la conservación
650 14 - ASIENTO SECUNDARIO DE MATERIA - TERMINO TEMATICO
Término temático o nombre geográfico como elemento de entrada Corredores ecológicos
650 14 - ASIENTO SECUNDARIO DE MATERIA - TERMINO TEMATICO
Término temático o nombre geográfico como elemento de entrada Movilidad de organismos
700 1# - ASIENTO SECUNDARIO - NOMBRE PERSONAL
Nombre personal Farr, James A.
700 1# - ASIENTO SECUNDARIO - NOMBRE PERSONAL
Nombre personal Cox, James
700 1# - ASIENTO SECUNDARIO - NOMBRE PERSONAL
Nombre personal Mehlman, David W.
773 1# - Item fuente:
Título Conservation Biology
Especificación de materiales 24
Descripción física 4
Paginas del Articulo 493-504
Lugar, editorial y fecha de publicación 1992
Información sobre la relación 6
942 ## - ELEMENTOS ADICIONALES (KOHA)
Tipo de ítem Artículo
Existencias
Withdrawn status Lost status Damaged status No para préstamo Colección Ubicación Permanente Ubicación actual Fecha de adquisición Datos de publicación Seriada Total Checkouts Número topográfico Inventario / Código de Barras Date last seen Ejemplar Price effective from Forma de adquisición Tipo de material
      No para Préstamo Hemeroteca Bogotá Bogotá 27/02/2015 Fuera de circulación   AR 02828 013237 25/03/2015 1 25/03/2015   Artículo